Az Év Homlokzata 2018 pályázat marketingkommunikációs tevékenységének elemzése

Bibliographic Details
Main Author: Uzsák-Tokai Anita
Other Authors: Totth Dr. Gedeon
Format: Thesis
Kulcsszavak:Marketingkommunikáció
Építőipar
Kommunikációs eszközök
Online Access:http://dolgozattar.uni-bge.hu/20554

MARC

LEADER 00000nta a2200000 i 4500
001 dolg20554
005 20200605135257.0
008 190504suuuu hu om 000 hun d
040 |a BGE Dolgozattár Repozitórium  |b hun 
041 |a hu 
100 1 |a Uzsák-Tokai Anita 
245 1 3 |a Az Év Homlokzata 2018 pályázat marketingkommunikációs tevékenységének elemzése  |c Uzsák-Tokai Anita  |h [elektronikus dokumentum] 
246 1 1 |a Az Év Homlokzata 2018 pályázat marketingkommunikációs tevékenységének elemzése 
695 |a Marketingkommunikáció 
695 |a Építőipar 
695 |a Kommunikációs eszközök 
700 1 |a Totth Dr. Gedeon  |e ths 
856 4 0 |u http://dolgozattar.uni-bge.hu/20554/1/Az%20Ev%20Homlokzata%202018%20palyazat%20marketingkommunikacios%20tevekenysegenek%20elemzese%20_Uzs%C3%A1k-Tokai%20Anita_HV4JA4docx.pdf  |z Dokumentum-elérés